[Event "15. Obert Int. Sant Marti 2013"]
[Site "Barcelona ESP"]
[Date "2013.07.14"]
[Round "2.55"]
[White "Calderon Alzate, Ivan Alejandro"]
[Black "Jaramillo Ochoa, Mateo"]
[Result "0-1"]
[WhiteElo "1882"]
[BlackElo "2074"]
[PlyCount "112"]
[EventDate "2013.07.13"]
[EventType "swiss"]
[EventRounds "9"]
[EventCountry "ESP"]
[SourceTitle "Ajedrez en Madrid"]
[Source "lmi"]
[SourceDate "2013.07.13"]
[SourceVersion "1"]
[SourceVersionDate "2019.06.21"]
[SourceQuality "1"]

1. e4 e5 2. Nf3 Nc6 3. Bb5 Nf6 4. d3 Bc5 5. O-O Nd4 6. Nxd4 Bxd4 7. c3 Bb6 8.
Bg5 c6 9. Ba4 d6 10. Nd2 h6 11. Be3 O-O 12. d4 Ng4 13. Qf3 Qh4 14. h3 Nxe3 15.
fxe3 Be6 16. Bb3 Rae8 17. Rad1 Bxb3 18. axb3 Re6 19. Nc4 exd4 20. exd4 Qxe4 21.
Qxe4 Rxe4 22. Nxd6 Re2 23. Rf2 Re7 24. Rdf1 c5 25. Nc4 cxd4 26. Nxb6 axb6 27.
cxd4 Rd8 28. Rd2 Re4 29. Rfd1 Rd5 30. Kf2 h5 31. Kf3 Re6 32. g4 Kf8 33. Rc1
hxg4+ 34. hxg4 Ke8 35. Rc7 Re7 36. Rxe7+ Kxe7 37. Ke4 Rg5 38. Kf4 Rb5 39. Rd3
Kd6 40. Re3 Rd5 41. Ke4 Rg5 42. Kf4 Rg6 43. Re5 Rf6+ 44. Ke3 Rf1 45. Kd3 f6 46.
Rf5 Rg1 47. Rf4 Rg2 48. Kc3 Kd5 49. Rf5+ Ke4 50. Rb5 Rxg4 51. Rxb6 Kd5 52. Rb5+
Kc6 53. Rc5+ Kd6 54. Kc4 b6 55. Rd5+ Kc6 56. b4 b5+ 0-1

[Event "15. Obert Int. Sant Marti 2013"]
[Site "Barcelona ESP"]
[Date "2013.07.14"]
[Round "2.56"]
[White "Quero Ortega, Juan"]
[Black "Cervello Tost, Ferran"]
[Result "0-1"]
[WhiteElo "1809"]
[BlackElo "2049"]
[PlyCount "60"]
[EventDate "2013.07.13"]
[EventType "swiss"]
[EventRounds "9"]
[EventCountry "ESP"]
[SourceTitle "Ajedrez en Madrid"]
[Source "lmi"]
[SourceDate "2013.07.13"]
[SourceVersion "1"]
[SourceVersionDate "2019.06.21"]
[SourceQuality "1"]

1. c4 e6 2. g3 f5 3. e3 Nf6 4. Bg2 Be7 5. Ne2 O-O 6. O-O c6 7. d4 d5 8. c5 b6
9. b4 Ba6 10. Re1 Bxe2 11. Qxe2 Nbd7 12. Bb2 a5 13. a3 axb4 14. axb4 Rxa1 15.
Bxa1 b5 16. Nd2 Qc7 17. Nf3 Ra8 18. Ne5 Nxe5 19. dxe5 Nd7 20. Qb2 Qa7 21. Qd4
Qa2 22. Bf1 Qb3 23. Qc3 Ra3 24. Qd4 Nb8 25. g4 Na6 26. gxf5 Qxb4 27. fxe6 Bxc5
28. e7 Bxe7 29. Qb6 Qxe1 30. Qxc6 Rxa1 0-1

[Event "15. Obert Int. Sant Marti 2013"]
[Site "Barcelona ESP"]
[Date "2013.07.14"]
[Round "2.57"]
[White "Fabregas Fontanet, Antonio"]
[Black "Barragan Hernandez, Manel"]
[Result "1-0"]
[WhiteElo "2045"]
[BlackElo "1889"]
[PlyCount "53"]
[EventDate "2013.07.13"]
[EventType "swiss"]
[EventRounds "9"]
[EventCountry "ESP"]
[SourceTitle "Ajedrez en Madrid"]
[Source "lmi"]
[SourceDate "2013.07.13"]
[SourceVersion "1"]
[SourceVersionDate "2019.06.21"]
[SourceQuality "1"]

1. e4 e5 2. Nf3 Nc6 3. Bc4 Nf6 4. d3 Be7 5. Nc3 d6 6. h3 O-O 7. O-O Na5 8. Bb3
Nxb3 9. axb3 h6 10. d4 exd4 11. Nxd4 Re8 12. Qd3 Nd7 13. Nd5 Bf8 14. b4 c6 15.
Nc3 Ne5 16. Qg3 Qf6 17. f4 Qg6 18. Qf3 Nc4 19. Qd3 c5 20. Ndb5 cxb4 21. f5 Qh5
22. Nd5 Ne5 23. Qg3 Nd7 24. Nbc7 Rxe4 25. Nxa8 g6 26. Nac7 Bg7 27. f6 1-0

[Event "15. Obert Int. Sant Marti 2013"]
[Site "Barcelona ESP"]
[Date "2013.07.14"]
[Round "2.58"]
[White "Fernandez Aguilar, Francisco"]
[Black "Jacobsen, Maria Pitz"]
[Result "0-1"]
[WhiteElo "2040"]
[BlackElo "1814"]
[PlyCount "92"]
[EventDate "2013.07.13"]
[EventType "swiss"]
[EventRounds "9"]
[EventCountry "ESP"]
[SourceTitle "Ajedrez en Madrid"]
[Source "lmi"]
[SourceDate "2013.07.13"]
[SourceVersion "1"]
[SourceVersionDate "2019.06.21"]
[SourceQuality "1"]

1. e4 e5 2. Nf3 Nc6 3. Bb5 Bc5 4. c3 d6 5. O-O Bg4 6. h3 Bh5 7. g4 Bg6 8. d4
Bb6 9. d5 Bxe4 10. dxc6 bxc6 11. Bd3 Bd5 12. c4 Be6 13. Ng5 Bd7 14. Qf3 Qe7 15.
Nc3 h6 16. Nge4 h5 17. g5 f6 18. gxf6 gxf6 19. c5 Ba5 20. cxd6 cxd6 21. Ng3 Qg7
22. Kh1 Ne7 23. Nb5 Bg4 24. Nxd6+ Kd7 25. Bf5+ Nxf5 26. Qd3 Nxd6 27. hxg4 hxg4+
28. Kg2 Qh7 29. Qxh7+ Rxh7 30. Rd1 Rah8 31. Ne4 Rh2+ 32. Kg3 R2h3+ 33. Kg2 Rh2+
34. Kf1 Rh1+ 35. Ke2 Rxd1 36. Nc5+ Kc7 37. Kxd1 Rh1+ 38. Kc2 Rf1 39. Kb3 Bb6
40. Ne6+ Kd7 41. Nf8+ Ke8 42. Nh7 Kf7 43. Nxf6 g3 44. Nd7 g2 45. Nxe5+ Kg8 46.
Nf3 Nf5 0-1

[Event "15. Obert Int. Sant Marti 2013"]
[Site "Barcelona ESP"]
[Date "2013.07.14"]
[Round "2.59"]
[White "Andersen, Guttorm"]
[Black "Tarrago Domingo, Miguel"]
[Result "0-1"]
[WhiteElo "1772"]
[BlackElo "2034"]
[PlyCount "128"]
[EventDate "2013.07.13"]
[EventType "swiss"]
[EventRounds "9"]
[EventCountry "ESP"]
[SourceTitle "Ajedrez en Madrid"]
[Source "lmi"]
[SourceDate "2013.07.13"]
[SourceVersion "1"]
[SourceVersionDate "2019.06.21"]
[SourceQuality "1"]

1. d4 d5 2. c4 c6 3. Nf3 Nf6 4. e3 g6 5. Bd3 Bg7 6. O-O O-O 7. Nbd2 Nbd7 8. Qc2
Re8 9. Rb1 e5 10. dxe5 Nxe5 11. Nxe5 Rxe5 12. Nf3 Re8 13. c5 Ne4 14. b4 a6 15.
a4 Qe7 16. Bb2 Bxb2 17. Qxb2 a5 18. Bxe4 Qxe4 19. Qd4 Bf5 20. Rb2 axb4 21. Rxb4
Qxd4 22. Nxd4 Bd3 23. Ra1 Re7 24. Rb2 Ra5 25. Nb3 Ra8 26. Nd4 Bc4 27. a5 Rc8
28. Rab1 Rcc7 29. Rb6 Kf8 30. g4 Kg7 31. h4 Ba6 32. Kg2 Re5 33. R1b3 Re4 34.
Kg3 Ree7 35. h5 Re5 36. f4 Re4 37. hxg6 hxg6 38. Kf3 Re8 39. f5 Kf6 40. fxg6
fxg6 41. Nb5 Bxb5 42. R3xb5 Ra8 43. a6 bxa6 44. Ra5 Ke5 45. Raxa6 Rxa6 46. Rxa6
d4 47. Ra8 Rf7+ 48. Ke2 dxe3 49. Rd8 Ke4 50. Re8+ Kd5 51. Kxe3 Rf6 52. Rg8 Kxc5
53. Ke4 Re6+ 54. Kf4 Kd4 55. Rd8+ Kc4 56. Kg5 c5 57. Kf4 Kc3 58. g5 c4 59. Rf8
Kd3 60. Rf6 Re4+ 61. Kf3 c3 62. Rc6 Rc4 63. Rd6+ Rd4 64. Rxg6 c2 0-1

[Event "15. Obert Int. Sant Marti 2013"]
[Site "Barcelona ESP"]
[Date "2013.07.15"]
[Round "3.1"]
[White "Kovchan, Alexander"]
[Black "Lorenzo De La Riva, Lazaro"]
[Result "1-0"]
[WhiteElo "2577"]
[BlackElo "2433"]
[PlyCount "89"]
[EventDate "2013.07.13"]
[EventType "swiss"]
[EventRounds "9"]
[EventCountry "ESP"]
[SourceTitle "Ajedrez en Madrid"]
[Source "lmi"]
[SourceDate "2013.07.13"]
[SourceVersion "1"]
[SourceVersionDate "2019.06.21"]
[SourceQuality "1"]

1. e4 d6 2. d4 Nf6 3. Nc3 g6 4. f4 Bg7 5. Nf3 c5 6. Bb5+ Bd7 7. e5 Ng4 8. e6
fxe6 9. Ng5 Bxb5 10. Nxe6 Bxd4 11. Nxb5 Qa5+ 12. Qd2 Qxd2+ 13. Bxd2 Kd7 14.
Nec7 a6 15. Nxa8 axb5 16. a4 bxa4 17. Nb6+ Kc6 18. Nxa4 b5 19. Nc3 b4 20. Nd1
Nd7 21. h3 Nh6 22. g4 Nf7 23. Rf1 h5 24. g5 e6 25. c3 bxc3 26. Bxc3 Rb8 27.
Bxd4 cxd4 28. Ra4 Kd5 29. Ra7 Kc6 30. Rf2 Nh8 31. Rd2 e5 32. Rc2+ Nc5 33. fxe5
dxe5 34. Ra5 Rb5 35. b4 Rxa5 36. bxa5 Kb5 37. a6 Nxa6 38. Rf2 Nc5 39. Rf8 Ne6
40. Rxh8 Nxg5 41. Nf2 Kc4 42. Rg8 Nf3+ 43. Ke2 Nh4 44. Re8 Kd5 45. Nd3 1-0

[Event "15. Obert Int. Sant Marti 2013"]
[Site "Barcelona ESP"]
[Date "2013.07.15"]
[Round "3.2"]
[White "Gallego Alcaraz, Andres Felipe"]
[Black "Agdestein, Simen"]
[Result "0-1"]
[WhiteElo "2414"]
[BlackElo "2567"]
[PlyCount "64"]
[EventDate "2013.07.13"]
[EventType "swiss"]
[EventRounds "9"]
[EventCountry "ESP"]
[SourceTitle "Ajedrez en Madrid"]
[Source "lmi"]
[SourceDate "2013.07.13"]
[SourceVersion "1"]
[SourceVersionDate "2019.06.21"]
[SourceQuality "1"]

1. d4 Nf6 2. Nf3 e6 3. c4 b6 4. a3 Bb7 5. Nc3 d5 6. cxd5 exd5 7. g3 Be7 8. Bg2
O-O 9. Bf4 Nbd7 10. Rc1 Nh5 11. Bd2 c5 12. O-O Re8 13. Re1 Nhf6 14. Bf4 a6 15.
dxc5 bxc5 16. Nh4 Nb6 17. Nf5 Bf8 18. Na4 Nxa4 19. Qxa4 Ne4 20. Red1 Qf6 21.
Qb3 Bc6 22. Ne3 d4 23. Ng4 Qf5 24. Bh3 Qh5 25. Qb6 Bd5 26. Bg2 Qxg4 27. f3 Qh5
28. fxe4 Bxe4 29. Bf1 Re6 30. Qa5 Qf5 31. b4 g5 32. Bc7 Rf6 0-1

[Event "15. Obert Int. Sant Marti 2013"]
[Site "Barcelona ESP"]
[Date "2013.07.15"]
[Round "3.3"]
[White "Grigoryan, Karen H."]
[Black "Sequera Paolini, Jose"]
[Result "1-0"]
[WhiteElo "2550"]
[BlackElo "2394"]
[PlyCount "139"]
[EventDate "2013.07.13"]
[EventType "swiss"]
[EventRounds "9"]
[EventCountry "ESP"]
[SourceTitle "Ajedrez en Madrid"]
[Source "lmi"]
[SourceDate "2013.07.13"]
[SourceVersion "1"]
[SourceVersionDate "2019.06.21"]
[SourceQuality "1"]

1. Nf3 f5 2. g3 Nf6 3. Bg2 e6 4. O-O Be7 5. d3 O-O 6. c4 Nc6 7. a3 a5 8. Nc3
Kh8 9. d4 Ne4 10. Bd2 Bf6 11. d5 Nxc3 12. Bxc3 Bxc3 13. bxc3 Nb8 14. dxe6 d6
15. c5 Ra6 16. Nd4 Qe7 17. cxd6 Rxd6 18. Qc2 g6 19. Rab1 b6 20. e4 Bxe6 21.
Nxe6 Qxe6 22. exf5 Qxf5 23. Qe2 Nd7 24. Rbd1 Re6 25. Qd2 Nc5 26. Rfe1 Rd6 27.
Qe3 Nd3 28. Rf1 Rfd8 29. h3 Qc5 30. Qxc5 Nxc5 31. Rxd6 Rxd6 32. Re1 Rd3 33.
Re8+ Kg7 34. Re7+ Kf8 35. Rxh7 Rxc3 36. Rxc7 Rxa3 37. Rc6 Rb3 38. Rxg6 a4 39.
Bd5 Rd3 40. Ba2 Rd2 41. Bc4 Rd4 42. Rg8+ Ke7 43. Bb5 Rb4 44. Bc6 Kd6 45. Bxa4
Rxa4 46. h4 b5 47. h5 Ra7 48. Rg4 Rh7 49. Rb4 Kc6 50. g4 Nd3 51. Rb3 Ne5 52. f3
Kc5 53. Kg2 Kc4 54. Re3 Nd3 55. Re4+ Kc3 56. Re8 b4 57. Rc8+ Kd4 58. Rd8+ Kc3
59. Rb8 Kc4 60. Kg3 b3 61. Kh4 b2 62. Rxb2 Nxb2 63. g5 Nd3 64. g6 Rd7 65. h6
Ne5 66. g7 Rxg7 67. hxg7 Ng6+ 68. Kg5 Ne7 69. Kf6 Ng8+ 70. Ke6 1-0

[Event "15. Obert Int. Sant Marti 2013"]
[Site "Barcelona ESP"]
[Date "2013.07.15"]
[Round "3.4"]
[White "Pulvett, Daniel"]
[Black "Dvirnyy, Danyyil"]
[Result "0-1"]
[WhiteElo "2405"]
[BlackElo "2549"]
[PlyCount "102"]
[EventDate "2013.07.13"]
[EventType "swiss"]
[EventRounds "9"]
[EventCountry "ESP"]
[SourceTitle "Ajedrez en Madrid"]
[Source "lmi"]
[SourceDate "2013.07.13"]
[SourceVersion "1"]
[SourceVersionDate "2019.06.21"]
[SourceQuality "1"]

1. d4 Nf6 2. c4 e6 3. Nf3 d5 4. Nc3 dxc4 5. e3 a6 6. a4 c5 7. Bxc4 Nc6 8. O-O
Be7 9. dxc5 Qc7 10. b3 Bxc5 11. Bb2 O-O 12. Qe2 b6 13. Ng5 Ne5 14. Nce4 Nxe4
15. Nxe4 Be7 16. Rac1 Qb8 17. Qh5 Nxc4 18. Rxc4 f6 19. Rfc1 Bd7 20. Ng3 Qe8 21.
Qf3 Rc8 22. Qb7 Bc5 23. Qxa6 Ra8 24. Qb7 Bc6 25. Qc7 Bd5 26. Ne4 Qg6 27. Qf4
Rad8 28. h4 e5 29. h5 Qxg2+ 30. Kxg2 exf4 31. b4 Be7 32. Kf1 Bxc4+ 33. Rxc4 f5
34. Nc3 Rd2 35. Ba3 f3 36. Kg1 Rfd8 37. Nb5 Bf6 38. Rf4 Rd1+ 39. Kh2 Be5 40.
Kg3 Ra8 41. Kxf3 Bxf4 42. Kxf4 Rxa4 43. Nc3 Rxa3 44. Nxd1 Rd3 45. Nb2 Rb3 46.
Nd1 g6 47. f3 Kf7 48. hxg6+ hxg6 49. e4 Kf6 50. e5+ Ke6 51. Nf2 g5+ 0-1

[Event "15. Obert Int. Sant Marti 2013"]
[Site "Barcelona ESP"]
[Date "2013.07.15"]
[Round "3.5"]
[White "Nikolov, Momchil"]
[Black "Vehi Bach, Victor Manuel"]
[Result "1-0"]
[WhiteElo "2538"]
[BlackElo "2308"]
[PlyCount "55"]
[EventDate "2013.07.13"]
[EventType "swiss"]
[EventRounds "9"]
[EventCountry "ESP"]
[SourceTitle "Ajedrez en Madrid"]
[Source "lmi"]
[SourceDate "2013.07.13"]
[SourceVersion "1"]
[SourceVersionDate "2019.06.21"]
[SourceQuality "1"]

1. Nf3 e6 2. c4 d5 3. d4 Nf6 4. Nc3 Bb4 5. Bg5 h6 6. Bxf6 Qxf6 7. Qb3 c5 8.
cxd5 exd5 9. a3 cxd4 10. axb4 dxc3 11. Qxc3 Nd7 12. e3 O-O 13. Bd3 a6 14. Qd4
Qxd4 15. Nxd4 Ne5 16. Kd2 Be6 17. Ra5 Rac8 18. b5 axb5 19. Rxb5 Rc7 20. Ra1 Nc6
21. Ra3 Rd8 22. Rc5 Rcc8 23. Rb3 Nxd4 24. exd4 Rxc5 25. dxc5 Bc8 26. Rb6 Kf8
27. Ke3 d4+ 28. Kd2 1-0

[Event "15. Obert Int. Sant Marti 2013"]
[Site "Barcelona ESP"]
[Date "2013.07.15"]
[Round "3.6"]
[White "Perpinya Rofes, Lluis Maria"]
[Black "Firman, Nazar"]
[Result "0-1"]
[WhiteElo "2400"]
[BlackElo "2526"]
[PlyCount "72"]
[EventDate "2013.07.13"]
[EventType "swiss"]
[EventRounds "9"]
[EventCountry "ESP"]
[SourceTitle "Ajedrez en Madrid"]
[Source "lmi"]
[SourceDate "2013.07.13"]
[SourceVersion "1"]
[SourceVersionDate "2019.06.21"]
[SourceQuality "1"]

1. e4 e6 2. d4 d5 3. Nc3 Bb4 4. e5 Ne7 5. Nf3 c5 6. dxc5 Nd7 7. Bd3 Nxc5 8. O-O
Bd7 9. Nb5 Nxd3 10. Qxd3 a6 11. Nbd4 Nc6 12. Bg5 Qc7 13. c3 h6 14. Bf4 Be7 15.
Qe3 g5 16. Bg3 Rc8 17. Rac1 Qb6 18. b3 Ba3 19. Rc2 g4 20. Ne1 Be7 21. Bf4 h5
22. f3 Bc5 23. Rd2 Ne7 24. fxg4 Bxd4 25. cxd4 hxg4 26. Bg5 Nf5 27. Rxf5 exf5
28. Bf6 Rg8 29. Nd3 Rc3 30. Qf2 Bb5 31. Ne1 Rc1 32. g3 a5 33. Kg2 Qc6 34. h4
gxh3+ 35. Kxh3 f4 36. e6 Qxe6+ 0-1

[Event "15. Obert Int. Sant Marti 2013"]
[Site "Barcelona ESP"]
[Date "2013.07.15"]
[Round "3.7"]
[White "Silva, Luis Neves Da"]
[Black "Asis Gargatagli, Hipolito"]
[Result "0-1"]
[WhiteElo "2218"]
[BlackElo "2487"]
[PlyCount "109"]
[EventDate "2013.07.13"]
[EventType "swiss"]
[EventRounds "9"]
[EventCountry "ESP"]
[SourceTitle "Ajedrez en Madrid"]
[Source "lmi"]
[SourceDate "2013.07.13"]
[SourceVersion "1"]
[SourceVersionDate "2019.06.21"]
[SourceQuality "1"]

1. d4 Nf6 2. c4 e6 3. Nf3 c5 4. d5 d6 5. Nc3 exd5 6. cxd5 g6 7. Nd2 Nbd7 8. e4
Bg7 9. Be2 O-O 10. O-O Re8 11. Qc2 Ne5 12. a4 Bg4 13. f3 Bd7 14. Ra3 Nh5 15.
Nb5 Nf4 16. Nc4 Nxe2+ 17. Qxe2 Nxc4 18. Qxc4 Be5 19. f4 Bxb5 20. Qxb5 Bd4+ 21.
Kh1 b6 22. f5 Rxe4 23. Raf3 f6 24. fxg6 hxg6 25. Bf4 Qe7 26. Qc6 Rd8 27. b3 Kg7
28. Bg3 Qd7 29. Rc1 Qxc6 30. dxc6 Rc8 31. Bxd6 Rxc6 32. Bg3 Rce6 33. h3 Re2 34.
Rcf1 Rb2 35. Bf2 Bxf2 36. R1xf2 Rxf2 37. Rxf2 Re3 38. Rd2 a5 39. Rd7+ Kh6 40.
Rd6 Rxb3 41. Rxf6 Rb1+ 42. Kh2 c4 43. Rc6 Rb4 44. g4 c3 45. Kg3 Rxa4 46. h4 b5
47. Rc7 g5 48. Rc6+ Kg7 49. Rxc3 Rc4 50. Rd3 b4 51. Rd7+ Kf6 52. h5 b3 53. Rd6+
Kf7 54. Rd7+ Ke6 55. Rd1 0-1

[Event "15. Obert Int. Sant Marti 2013"]
[Site "Barcelona ESP"]
[Date "2013.07.15"]
[Round "3.8"]
[White "Fernandez Romero, Ernesto"]
[Black "Gomez Jurado, Luis Alberto"]
[Result "0-1"]
[WhiteElo "2480"]
[BlackElo "2273"]
[PlyCount "56"]
[EventDate "2013.07.13"]
[EventType "swiss"]
[EventRounds "9"]
[EventCountry "ESP"]
[SourceTitle "Ajedrez en Madrid"]
[Source "lmi"]
[SourceDate "2013.07.13"]
[SourceVersion "1"]
[SourceVersionDate "2019.06.21"]
[SourceQuality "1"]

1. e4 c6 2. Ne2 d5 3. e5 d4 4. Ng3 Qd5 5. f4 g5 6. c4 Qe6 7. d3 gxf4 8. Bxf4
Bh6 9. Nh5 Nd7 10. Qe2 Qg6 11. Bxh6 Nxh6 12. e6 fxe6 13. Nf4 Qf6 14. Nxe6 Kf7
15. Nc7 Rb8 16. Nd2 Qe5 17. Ne4 Nf6 18. Nxf6 exf6 19. Qxe5 fxe5 20. Be2 Ke7 21.
O-O Bd7 22. Rae1 Rhf8 23. Bh5 Rxf1+ 24. Rxf1 Rc8 25. Re1 Rxc7 26. Rxe5+ Kf8 27.
Re4 c5 28. g4 Bc6 0-1

[Event "15. Obert Int. Sant Marti 2013"]
[Site "Barcelona ESP"]
[Date "2013.07.15"]
[Round "3.9"]
[White "Arenas, David"]
[Black "Guerrero Sierra, Juan Carlos"]
[Result "1-0"]
[WhiteElo "2437"]
[BlackElo "2227"]
[PlyCount "81"]
[EventDate "2013.07.13"]
[EventType "swiss"]
[EventRounds "9"]
[EventCountry "ESP"]
[SourceTitle "Ajedrez en Madrid"]
[Source "lmi"]
[SourceDate "2013.07.13"]
[SourceVersion "1"]
[SourceVersionDate "2019.06.21"]
[SourceQuality "1"]

1. e4 c5 2. Nf3 d6 3. d4 cxd4 4. Qxd4 Bd7 5. c4 Nc6 6. Qe3 Nf6 7. h3 g6 8. Nc3
Bg7 9. Be2 O-O 10. O-O a5 11. Rd1 a4 12. c5 dxc5 13. e5 Ne8 14. Qxc5 Ra5 15.
Bb5 Nc7 16. Rxd7 Rxb5 17. Rxd8 Rxc5 18. Rxf8+ Kxf8 19. Nxa4 Rc2 20. Nc3 Nxe5
21. Ne1 Rxc3 22. bxc3 Nc4 23. Rb1 b5 24. Bf4 e5 25. Bg5 f6 26. Bc1 Ke8 27. Nc2
f5 28. Na3 Nd6 29. Be3 Kd7 30. Bb6 Nd5 31. Nxb5 Nc4 32. Ba7 Bh6 33. Bb8 Kc6 34.
Na7+ Kd7 35. Rb7+ Ke6 36. Rxh7 Bd2 37. Nb5 Bxc3 38. Nc7+ Nxc7 39. Rxc7 Kd5 40.
Rg7 Bd4 41. Bc7 1-0

[Event "15. Obert Int. Sant Marti 2013"]
[Site "Barcelona ESP"]
[Date "2013.07.15"]
[Round "3.10"]
[White "Flores Rios, Mauricio"]
[Black "Laxman, R.R.."]
[Result "1-0"]
[WhiteElo "2492"]
[BlackElo "2401"]
[PlyCount "65"]
[EventDate "2013.07.13"]
[EventType "swiss"]
[EventRounds "9"]
[EventCountry "ESP"]
[SourceTitle "Ajedrez en Madrid"]
[Source "lmi"]
[SourceDate "2013.07.13"]
[SourceVersion "1"]
[SourceVersionDate "2019.06.21"]
[SourceQuality "1"]

1. d4 d5 2. c4 e6 3. Nf3 Nf6 4. g3 Bb4+ 5. Bd2 a5 6. Bg2 O-O 7. O-O c6 8. Bxb4
axb4 9. Qb3 Qa5 10. Nbd2 b6 11. a3 c5 12. axb4 Qxa1 13. Rxa1 Rxa1+ 14. Bf1 cxd4
15. c5 bxc5 16. bxc5 Nc6 17. Qc2 Nb4 18. Qb3 Nc6 19. Qc2 Bd7 20. Nb3 Ra4 21.
Nc1 Rc4 22. Qd1 Rxc5 23. e3 dxe3 24. Nb3 exf2+ 25. Kxf2 Ne4+ 26. Kg1 Rb8 27.
Nfd2 Nxd2 28. Nxc5 Rxb2 29. Nxd7 Nd4 30. Kh1 N4b3 31. Bd3 Ra2 32. Qg4 f5 33.
Qb4 1-0

[Event "15. Obert Int. Sant Marti 2013"]
[Site "Barcelona ESP"]
[Date "2013.07.15"]
[Round "3.11"]
[White "Hayrapetyan, Hovik"]
[Black "Hernando Rodrigo, Julio Antonio"]
[Result "1-0"]
[WhiteElo "2486"]
[BlackElo "2327"]
[PlyCount "57"]
[EventDate "2013.07.13"]
[EventType "swiss"]
[EventRounds "9"]
[EventCountry "ESP"]
[SourceTitle "Ajedrez en Madrid"]
[Source "lmi"]
[SourceDate "2013.07.13"]
[SourceVersion "1"]
[SourceVersionDate "2019.06.21"]
[SourceQuality "1"]

1. d4 Nf6 2. c4 g6 3. Nc3 d5 4. Nf3 Bg7 5. Bg5 Ne4 6. cxd5 Nxg5 7. Nxg5 e6 8.
Nf3 exd5 9. b4 O-O 10. e3 b6 11. b5 a6 12. a4 axb5 13. axb5 Rxa1 14. Qxa1 c5
15. bxc6 Nxc6 16. Be2 g5 17. Qa8 Qd6 18. O-O g4 19. Ne1 Na5 20. Qxd5 Qh6 21.
Nd3 Be6 22. Qb5 Bc4 23. Qb2 Re8 24. Rd1 g3 25. hxg3 Rxe3 26. fxe3 Qxe3+ 27. Nf2
Bxd4 28. Bxc4 Nxc4 29. Qe2 1-0

[Event "15. Obert Int. Sant Marti 2013"]
[Site "Barcelona ESP"]
[Date "2013.07.15"]
[Round "3.12"]
[White "Minko, Vladimir"]
[Black "Escobar Forero, Alder"]
[Result "1/2-1/2"]
[WhiteElo "2312"]
[BlackElo "2466"]
[PlyCount "53"]
[EventDate "2013.07.13"]
[EventType "swiss"]
[EventRounds "9"]
[EventCountry "ESP"]
[SourceTitle "Ajedrez en Madrid"]
[Source "lmi"]
[SourceDate "2013.07.13"]
[SourceVersion "1"]
[SourceVersionDate "2019.06.21"]
[SourceQuality "1"]

1. d4 d6 2. Nf3 Nf6 3. c4 Nbd7 4. g3 e5 5. Nc3 Be7 6. Bg2 O-O 7. O-O c6 8. e4
Qc7 9. h3 a6 10. Be3 b5 11. cxb5 axb5 12. a3 Ba6 13. b4 Rfc8 14. Rc1 Qb8 15.
dxe5 Nxe5 16. Nd4 Bf8 17. f4 Nc4 18. Bf2 Bb7 19. Nf5 Rxa3 20. Bd4 Ne8 21. Qg4
Rc7 22. e5 d5 23. e6 f6 24. Nh6+ Kh8 25. Nf7+ Kg8 26. Nh6+ Kh8 27. Nf7+ 1/2-1/2

[Event "15. Obert Int. Sant Marti 2013"]
[Site "Barcelona ESP"]
[Date "2013.07.15"]
[Round "3.13"]
[White "Satyapragyan, Swayangsu"]
[Black "Capellades Subirana, Marc"]
[Result "1/2-1/2"]
[WhiteElo "2464"]
[BlackElo "2260"]
[PlyCount "197"]
[EventDate "2013.07.13"]
[EventType "swiss"]
[EventRounds "9"]
[EventCountry "ESP"]
[SourceTitle "Ajedrez en Madrid"]
[Source "lmi"]
[SourceDate "2013.07.13"]
[SourceVersion "1"]
[SourceVersionDate "2019.06.21"]
[SourceQuality "1"]

1. e4 e5 2. Nf3 Nc6 3. Bb5 a6 4. Ba4 Nf6 5. O-O d6 6. Bxc6+ bxc6 7. d4 exd4 8.
Nxd4 c5 9. Ne2 Be7 10. Nbc3 O-O 11. Ng3 Nd7 12. b3 Bf6 13. Bb2 Ne5 14. Kh1 Ng4
15. h3 Bd4 16. hxg4 Qh4+ 17. Kg1 Qxg3 18. Nd5 Qxg4 19. Bxd4 cxd4 20. Qxd4 Bb7
21. f3 Qd7 22. Ne3 Qe6 23. Nf5 Qe5 24. Qxe5 dxe5 25. Rfd1 Rfd8 26. Ne3 f6 27.
Nc4 Bc6 28. Na5 Be8 29. c4 Rab8 30. Kf2 Kf7 31. Ke3 Ke7 32. a3 Rb6 33. Rxd8
Kxd8 34. Kd2 Rd6+ 35. Kc3 Kc8 36. b4 Ba4 37. Rh1 h6 38. c5 Rd4 39. Nc4 Bb5 40.
Nb2 Kb7 41. Ra1 a5 42. Rh1 axb4+ 43. axb4 Kc8 44. Ra1 Kb7 45. Ra5 Bf1 46. g3
Bg2 47. b5 Bxf3 48. Na4 Bxe4 49. c6+ Bxc6 50. bxc6+ Kxc6 51. Nb2 Rg4 52. Nd3
Rxg3 53. Kd2 h5 54. Ke2 Rg4 55. Ra8 h4 56. Nf2 Rg6 57. Kf3 Rh6 58. Rg8 Rh7 59.
Nh3 Kd5 60. Kg4 Ke6 61. Re8+ Kd7 62. Rg8 Ke6 63. Re8+ Kf7 64. Rc8 Kg6 65. Rxc7
f5+ 66. Kf3 Kh6 67. Rc5 g5 68. Rxe5 g4+ 69. Kg2 gxh3+ 70. Kxh3 Kg5 71. Ra5 Re7
72. Ra4 Re3+ 73. Kg2 Re4 74. Ra8 Kf4 75. Ra5 Kg5 76. Ra8 Re2+ 77. Kf1 Rb2 78.
Kg1 f4 79. Ra3 Re2 80. Ra8 Kg4 81. Rg8+ Kf3 82. Rh8 Re1+ 83. Kh2 Kf2 84. Rxh4
f3 85. Ra4 Re2 86. Ra1 Rd2 87. Kh3 Ke2 88. Kg3 f2 89. Kg2 Rb2 90. Rc1 Kd2 91.
Ra1 Ke2 92. Rc1 Rb8 93. Rc2+ Ke1 94. Rc1+ Kd2 95. Ra1 Rf8 96. Kf1 Kc2 97. Ra2+
Kb3 98. Rxf2 Rxf2+ 99. Kxf2 1/2-1/2

[Event "15. Obert Int. Sant Marti 2013"]
[Site "Barcelona ESP"]
[Date "2013.07.15"]
[Round "3.14"]
[White "Saptarshi, Roy"]
[Black "Uribe Arteaga, Daniel"]
[Result "1-0"]
[WhiteElo "2447"]
[BlackElo "2274"]
[PlyCount "91"]
[EventDate "2013.07.13"]
[EventType "swiss"]
[EventRounds "9"]
[EventCountry "ESP"]
[SourceTitle "Ajedrez en Madrid"]
[Source "lmi"]
[SourceDate "2013.07.13"]
[SourceVersion "1"]
[SourceVersionDate "2019.06.21"]
[SourceQuality "1"]

1. e4 g6 2. d4 Bg7 3. Nc3 c6 4. Be3 d6 5. Qd2 b5 6. f3 Nd7 7. g4 Qc7 8. a3 Ngf6
9. h4 Nb6 10. h5 Nc4 11. Bxc4 bxc4 12. h6 Bf8 13. d5 Rb8 14. g5 Nd7 15. Qd4 Ne5
16. dxc6 Rg8 17. Qxa7 Qxa7 18. Bxa7 Rxb2 19. O-O-O Nxc6 20. Kxb2 Nxa7 21. Ka2
Kd7 22. Nge2 e6 23. Nd4 Be7 24. f4 Bb7 25. Rb1 Ba8 26. Rhd1 Rc8 27. Ndb5 Nxb5
28. Rxb5 Bc6 29. Rb4 d5 30. exd5 exd5 31. Rxc4 Ke8 32. Rcd4 Bc5 33. Rxd5 Bxd5+
34. Nxd5 Bd6 35. Rd2 Kf8 36. a4 Rb8 37. c4 Ra8 38. Kb3 Rb8+ 39. Kc2 Rb7 40. Rd1
Ra7 41. Ra1 Ra5 42. Kd3 Ke8 43. Kc3 Kf8 44. Kb3 Ke8 45. Re1+ Kd8 46. Re4 1-0